| Tag |
First Indicator |
Second Indicator |
Subfields |
| LEADER |
00000ctm a2200000Ia 4500 |
| 001 |
in00000020582 |
| 005 |
20200904152406.0 |
| 008 |
880716s1987 xx a bm 000 0 eng d |
| 035 |
|
|
|a (OCoLC)ocm18228081
|
| 035 |
|
|
|9 AAB3507AM
|
| 040 |
|
|
|a TXA
|b eng
|c TXA
|d OCLCQ
|d OCLCF
|d OCLCO
|d OCLCQ
|d UMI
|d TXA
|
| 035 |
|
|
|a (OCoLC)18228081
|
| 043 |
|
|
|a nm-----
|
| 049 |
|
|
|a TXAM
|
| 099 |
|
|
|a 1987
|a Dissertation
|a G665
|
| 100 |
1 |
|
|a Gordon, William Reginald.
|
| 245 |
1 |
0 |
|a Predicting recreational fishing use of offshore petroleum platforms in the Central Gulf of Mexico.
|
| 264 |
|
1 |
|c 1987.
|
| 300 |
|
|
|a xii, 177 leaves :
|b illustrations ;
|c 29 cm
|
| 336 |
|
|
|a text
|b txt
|2 rdacontent
|
| 337 |
|
|
|a unmediated
|b n
|2 rdamedia
|
| 338 |
|
|
|a volume
|b nc
|2 rdacarrier
|
| 500 |
|
|
|a Typescript (photocopy).
|
| 502 |
|
|
|b Ph. D. in Urban and Regional Science
|c Texas A & M University
|d 1987
|
| 500 |
|
|
|a Vita.
|
| 504 |
|
|
|a Includes bibliographical references (leaves 115-127).
|
| 520 |
3 |
|
|a With ever-increasing recreational fishing demands on natural habitats, artificial reefs provide an effective means for delivering additional opportunities for marine and freshwater fishermen. This study is based on the premise that a properly site artificial reefs for optimal human recreational use, a predictive model based upon the marine travel patterns and behavior of marine recreational fishermen is needed. This research used data gathered from a previous study that addressed the recreational fishing use of offshore oil and gas structures (Ditton and Auyong 1984). On-site data was also collected for use in this research. The primary research objective was to generate a predictive model that can be applied to artificial reef development efforts elsewhere. This study investigated the recreational user patterns of selected petroleum platforms structures in the Central Gulf of Mexico. The petroleum structures offshore from the Louisiana coastline provide a unique research tool. Although intended to facilitate the exploration and recovery of hydrocarbons, petroleum platforms also serve as de facto artificial reefs, providing habitat for numerous species of fish and other marine life. Petroleum platforms were found to be the principal fishing destinations within the study area. On-site findings reveal that marine recreational fishermen were as mobile on water, as they are on land. Fishermen traveled nearly fifty miles on water in pursuit of their recreation. Several platforms were fished during a typical outing. On-site findings were used to assist in the development of a predictive model. In attempting to predict the number of recreational craft observed at a study platform, several variables were found to be useful. They included: (1) distance between the closest launch site and a study platform, (2) the number of platforms associated with a study platform, (3) the number of platforms situated between the closest launch site and the study platform (intervening opportunities) and (4) the number of launch sites likely to be used in reaching the offshore study platform. The age, size, color and depth of water at a platform were found to be poor predictors of platform visitation.
|
| 650 |
|
0 |
|a Fishing
|z Mexico, Gulf of.
|
| 650 |
|
0 |
|a Artificial reefs
|z Mexico, Gulf of.
|
| 650 |
|
0 |
|a Offshore structures
|z Mexico, Gulf of.
|
| 650 |
|
4 |
|a Major urban and regional science.
|
| 655 |
|
7 |
|a Academic theses
|2 lcgft
|
| 700 |
1 |
|
|a Stover, Vergil G.,
|e degree supervisor.
|
| 700 |
1 |
|
|a Ditton, Robert B.,
|e degree committee member.
|
| 700 |
1 |
|
|a Hinojosa, Jesus H.,
|e degree committee member.
|
| 700 |
1 |
|
|a Pugh, David L.,
|e degree committee member.
|
| 710 |
2 |
|
|a Texas A & M University,
|e degree granting institution.
|
| 856 |
4 |
1 |
|x http://hdl.handle.net/1969.1/DISSERTATIONS-26997
|z Link to OAKTrust copy
|t 0
|
| 856 |
4 |
1 |
|u http://proxy.library.tamu.edu/login?url=http://proquest.umi.com/pqdweb?did=754006981&sid=1&Fmt=2&clientId=2945&RQT=309&VName=PQD
|z Link to OAKTrust copy
|t 0
|
| 994 |
|
|
|a C0
|b TXA
|
| 999 |
f |
f |
|s c421dcdc-a413-3912-94af-c7d8b7ff1fc9
|i 17f07bd4-ac90-3727-b808-4b899ae0395b
|t 0
|
| 952 |
f |
f |
|p noncirc
|a Texas A&M University
|b J.J. Pickle Campus
|c High Density Repository
|s HDR
|d Remote Storage
|t 0
|e 1987 Dissertation G665
|h Other scheme
|i unmediated -- volume
|m A14839627331
|
| 952 |
f |
f |
|a Texas A&M University
|b College Station
|c Electronic Resources
|s www_evans
|d Available Online
|t 0
|e 1987 Dissertation G665
|h Other scheme
|
| 998 |
f |
f |
|a 1987 Dissertation G665
|t 0
|l Available Online
|
| 998 |
f |
f |
|a 1987 Dissertation G665
|t 0
|l Remote Storage
|